| 000 | 00733nam a2200217Ia 4500 | ||
|---|---|---|---|
| 001 | 11340 | ||
| 003 | GE_BSU | ||
| 008 | 181216s||||||||xx |||||||||||||| ||und|| | ||
| 040 | _cGE_BSU | ||
| 080 | _a631.527 | ||
| 100 | _aმიჩურინი ი.ვ. | ||
| 245 | _aსამოცი წლის მუშაობის შედეგები | ||
| 245 | _cრედ: გ. აბესაძე, თარგმ. ფ. დ. მამფორიასი | ||
| 260 | _aთბილისი | ||
| 260 | _bსახელგამი | ||
| 260 | _c1948 | ||
| 300 | _a187გვ.22სმ. | ||
| 300 | _eილ. | ||
| 653 | _aსამოცი წლის მუშაობის შედეგები | ||
| 942 | _cBK | ||
| 999 |
_c44537 _d44537 |
||